Statistics for 10 U.S. States In Order By Population

Click here to take the quiz!

General Stats

  • This quiz has been taken 24 times
  • The average score is 9 of 10

Answer Stats

StatePopulation% Correct
1California39,536,653
100%
3Florida20,984,400
100%
4New York19,849,399
100%
2Texas28,304,596
100%
6Illinois12,802,023
90%
5Pennsylvania12,805,537
90%
7Ohio11,658,609
86%
8Georgia10,429,379
81%
9North Carolina10,273,419
71%
10Michigan9,962,311
57%

Score Distribution

Percentile by Number Answered

Percent of People with Each Score

Your Score History

You have not taken this quiz